000 00351nam a2200145Ia 4500
008 230917s9999||||xx |||||||||||||| ||und||
040 _e136277
_aMAIN
041 _aEnglish
082 _a330.9 K527A
100 _aKhatri, J.D.
245 0 _aArthvyvastha ki kariavidhi
260 _aAllahabad
_bKitab Mahal
_c1673
300 _a430p p.
942 _cBK
999 _c227576
_d227576